000 00730nam a2200181Ia 4500
008 100920s9999 xx 000 0 und d
082 _b86941
_a24 न 02
100 _aभट्ट शंकर /अनु. मिश्र शंभुनाथ.
245 _aभारतीय प्रेस 1955 से अब तक.
260 _bसूचना और प्रसारण मन्त्रालय, भारत सरकार.
_c2002
300 _a136
_bसाधी
365 _b85
520 _aसायो.
630 _aभारतीय प्रेस 1955 से अब तक.
650 _aसायो.
730 _aभारतीय प्रेस 1955 से अब तक.
942 _cBOOK
999 _c727451
_d727448